000 00538nam a22001577a 4500
003 NUST
038 _aNusrat Nadeem
082 _a200
100 _aAhmad, Faizan
_9118413
245 _aTransforming Marketing & Communication approach: Using Omni-Channel Services in Modern Business Operations/
_cFaizan Ahmad,
264 _aIslamabad:
_bNBS NUST.
_c2025.
650 _a  Executive MBA
_9130713
700 _aSupervisor: Dr. Khan Burhan Khan
_9128617
856 _uhttp://10.250.8.41:8080/xmlui/handle/123456789/55239
942 _2ddc
_cSC
999 _c614884
_d614884